Statistiques concernant Les featurings d'MHD

Cliquez ici pour prendre le quiz!

Statistiques générales

  • Ce quiz a été pris 41 fois
  • Le résultat moyen est 13 sur 41

Statistiques - réponses

DépartementArtisteSons% Correct
91NiskaVersus (2017)
95%
91NinhoBénéfice (2018)
92%
93TiakolaPololo (2021)
84%
93DadjuBébé (2018), Sans thème Remix (2018)
73%
59GradurOblah (2016)
73%
ALGZahoLaissez-les kouma (2016)
73%
13AlonzoOblah (2016), Sans thème Remix (2018)
68%
NIGWizkidBella (2018)
65%
60NazaSans thème Remix (2018)
59%
75LetoChristian Dior (2021)
51%
91Koba LaDGros bonnets (2021)
46%
75Black MA l'ouest (2016)
43%
75GimsAppelez la police (2018)
38%
13TaycB L A C K C A R D (2021)
38%
243Fally IpupaMa vie (2016), Na Lingui Yé (2017)
32%
45VegedreamSans thème Remix (2018)
32%
93Aya NakamuraProblèmes (2017)
30%
UnknownDYSTINCTTek Tek (2023)
30%
59NydaOblah (2016)
30%
93DA UziCarabine (2021)
27%
75FranglishB L A C K C A R D (2021), Billie Jeans (2022)
27%
61OrelsanLe temps (2018)
24%
UnknownJoé Dwèt FiléGaga (2022)
22%
94ChilyNicky (2022)
16%
93SadekAriva (2018)
16%
UKStefflon DonSenseless Ting (2018)
16%
NIGYemi AladeAleo (2018)
14%
UnknownDoumsUn Deux Marqué le Pas (2022)
11%
NIGNaira MarleyFiesta (2021), Excuse Moi (2022)
11%
UnknownNSGIn Da Car (2022)
11%
93SofianeFais le mouv (2016)
11%
NIGAdekunle GoldWonder Mama (2021)
8%
93Imen EsAppelez-les (2021)
8%
UnknownSalif KeitaIntro Mansa (2018)
8%
UnknownAngélique KidjoWanyinyin (2016)
5%
UnknownKoysPorsche Panamera (2018)
5%
UnknownMamsIgo, c'est comment (2016)
3%
Unknown19 ReseauxImpact de balle (2014)
0%
UnknownDespe DelgadoLe secteur est a nous (2015)
0%
UnknownPattayaIgo, c'est comment (2016)
0%
UnknownTinoIgo, c'est comment (2016)
0%

Distribution des résultats

Percentile par nombre de réponses

% des personnes avec chaque résultat

Votre développement - résultats

Vous n’avez pas pris ce quiz